000
00319nam a2200145Ia 4500
003
OSt
005
20240105155400.0
008
170523s9999 xx 000 0 und d
020
_a
1403933006
040
_c
IIMT UNIVERSITY, MEERUT
100
_a
WOOD
245
0
_a
INDUSTRIAL BUSINESS
260
_b
PHI
942
_2
ddc
_c
02
999
_c
1869
_d
1869